Word Ladder: Home Runs and Cities Quiz Stats

Quiz Updated May 15, 2018

Challenge
Share
Tweet
Embed
Score 0/21 Timer 04:00
3 Plays Today
Clue 5-Letter Word % Correct
___ Rouge, LouisianaBATON
95.7%
Strips from a pigBACON
95.3%
Clear___, FloridaWATER
95.2%
A betWAGER
94.4%
The DevilSATAN
92.3%
A lustrous fabricSATIN
91.6%
Language of ancient RomeLATIN
91.2%
Boca ____, FloridaRATON
89.4%
Hank who hit 755 home runsAARON
86.1%
A huge college partyRAGER
83.9%
Alternate spelling of furniture caningRATAN
82.7%
Clue 5-Letter Word % Correct
Maris who hit 61 home runs in 1961ROGER
82.5%
Title for Manfred von RichthofenBARON
81.8%
City in the center of GeorgiaMACON
80%
Ohio city famed for its rubberAKRON
78.3%
Father, in language of ancient RomePATER
71.1%
Move toward nighttimeLATEN
69.3%
A plate for the holy eucharistPATEN
60.3%
Lord who wrote 'She Walks in Beauty'BYRON
57%
Comic Marc of 'GLOW'MARON
56.7%
Famed ancient Athenian sculptorMYRON
44.9%

Today's Daily Dose

Missing Word
1998 A-Z Movies

Word Ladder
5 Vowel Sounds

Quick Pick
Legal Terms

On This Day
June 25th II

You're not logged in!

Compare scores with friends on all Sporcle quizzes.
Join for Free
OR
Log In

You Might Also Like...

Show Comments

Extras

Top Quizzes Today


Score Distribution

Your Account Isn't Verified!

In order to create a playlist on Sporcle, you need to verify the email address you used during registration. Go to your Sporcle Settings to finish the process.

Report this User

Report this user for behavior that violates our Community Guidelines.

Details: